000 00967cab a2200241 4500
001 WB3501-54
008 090401t1998 xxu||||| |||| 00| 0 eng d
035 _a(Sirsi) u90448
041 _aeng
245 _aPriority for brownfield sites
260 _c1998
350 _a0
490 _aPlanning (for the Natural and Built Environment)
_v(1299) 18 December 1998, 2(1)
520 _aThe House Builders Federation has called upon government to adopt a presumption in favour of developing brownfield sites where development plans are not up to date, to alleviate delays in the planning system. Copies of "Urban life - breaking down the barriers to brownfield development" available from the HBF on 0171 608 5100.
650 _aBROWNFIELD SITES
650 _aDEVELOPMENT PLANS
650 _aHOUSE BUILDERS FEDERATION
650 _aPLANNING DELAYS
650 _aPLANNING PROCESS
690 _aPLANNING LAW AND PRACTICE
942 _n0
948 _c22/12/1998
999 _c57350
_d57350